La herencia colonial de América Latina
Salvato in:
| Autori principali: | , |
|---|---|
| Natura: | Libro |
| Lingua: | spagnolo |
| Pubblicazione: |
Ciudad de México
Siglo Veintiuno Editores
1983
|
| Edizione: | 15a. ed |
| Soggetti: | |
| Tags: |
Aggiungi Tag
Nessun Tag, puoi essere il primo ad aggiungerne!!
|
MARC
| LEADER | 00000nam a2200000 a 4500 | ||
|---|---|---|---|
| 001 | UCU2060 | ||
| 003 | CL-VaPUC | ||
| 008 | 960419e19830000MX |||||||||||||||||spa|d | ||
| 082 | 0 | 4 | |a 980.03 |b STE |2 21 |
| 100 | 0 | |a Stein, Stanley J |e author |9 357914 | |
| 700 | 0 | |a Stein, Bárbara H |e author |9 357915 | |
| 245 | 1 | 3 | |a La herencia colonial de América Latina |
| 250 | |a 15a. ed | ||
| 300 | |a 204 p | ||
| 942 | |c BK | ||
| 945 | |d 19960419 00:00:00 |a paguirre | ||
| 260 | |a Ciudad de México |b Siglo Veintiuno Editores |c 1983 | ||
| 650 | 0 | |a Historia |9 255047 | |
| 650 | 0 | |a Colonialismo |9 316469 | |
| 650 | 0 | |a Economía |9 255568 | |
| 650 | 0 | |a Gobierno |9 255508 | |
| 650 | 0 | |a Política |9 255312 | |
| 650 | 0 | |a Sociedad |9 307903 | |
| 651 | 0 | |a Europa |9 255156 | |
| 651 | 0 | |a España |9 254926 | |
| 651 | 0 | |a América Latina |9 255027 | |
| 583 | |a last modification |c 19960419 00:00:00 |k Rodrigo Vera | ||
| 999 | |c 246458 |d 246456 | ||
| 952 | |0 0 |1 0 |4 0 |6 980_030000000000000_STE_1983 |7 0 |8 A |9 261452 |a BIBING |b BIBING |d 2019-11-19 |i 2019922 |o 980.03 STE 1983 |p 2019922 |r 2025-01-20 |w 2019-11-19 |y BK |k GEO | ||